[Event "Montigny le Bretonneux op 21st"]
[Site "Montigny le Bretonneux"]
[Date "2021.12.27"]
[Round "1"]
[White "Gaillard, Michel"]
[Black "Aidan, David"]
[Result "1-0"]
[WhiteElo "1859"]
[BlackElo "1302"]
[PlyCount "119"]
[EventDate "2021.12.26"]
[EventType "swiss"]
[EventRounds "9"]
[EventCountry "FRA"]
[SourceTitle "EXT 2023"]
[Source "ChessBase"]
[SourceDate "2022.10.05"]
[SourceVersion "1"]
[SourceVersionDate "2022.10.05"]
[SourceQuality "1"]

1. e4 e5 2. Nf3 Nf6 3. Nc3 Nc6 4. Bc4 Nxe4 5. Bxf7+ Kxf7 6. Nxe4 d5 7. Neg5+ Ke8 8. d4 e4 9. 0-0 exf3 10. Qxf3 Be7 11. Qf7+ Kd7 12. Qxd5+ Ke8 13. Qf7+ Kd7 14. Ne6 Qe8 15. Nc5+ Kd8 16. Qd5+ Bd7 17. Re1 h6 18. Bf4 g5 19. Bg3 Rf8 20. Ne6+ Kc8 21. Nxf8 Qxf8 22. c3 Nd8 23. Qc4 Bd6 24. Bxd6 Qxd6 25. d5 Qf4 26. Qxf4 gxf4 27. Re4 Nf7 28. Rxf4 Nd6 29. Rf8+ Be8 30. Re1 b6 31. Rfxe8+ Nxe8 32. Rxe8+ Kb7 33. Rxa8 Kxa8 34. g4 Kb8 35. h4 Kc8 36. Kg2 Kd8 37. Kf3 Ke8 38. Ke4 a6 39. Ke5 Ke7 40. f4 a5 41. a4 Kf7 42. f5 Ke7 43. g5 hxg5 44. hxg5 Kf7 45. d6 cxd6+ 46. Kxd6 Ke8 47. Ke6 Kd8 48. Kd6 Ke8 49. Kc6 Ke7 50. Kxb6 Kd6 51. g6 Ke7 52. c4 Kf6 53. c5 Kxf5 54. g7 Ke5 55. Kxa5 Kd5 56. Kb5 Kd4 57. g8Q Ke4 58. c6 Ke5 59. c7 Kd4 60. c8Q 1-0

[Event "Yvelines-ch"]
[Site "Fontenay le Fleury"]
[Date "2012.02.19"]
[Round "4"]
[White "Gaillard, Michel"]
[Black "Fayolle, Guy"]
[Result "1-0"]
[WhiteElo "1958"]
[BlackElo "1777"]
[PlyCount "65"]
[EventDate "2012.02.18"]
[EventType "swiss"]
[EventRounds "7"]
[EventCountry "FRA"]
[SourceTitle "EXT 2013"]
[Source "ChessBase"]
[SourceDate "2012.11.22"]
[SourceVersion "1"]
[SourceVersionDate "2012.11.22"]
[SourceQuality "1"]

1. b4 e5 2. a3 b5 3. Bb2 Nc6 4. e3 a6 5. Nf3 d6 6. c4 bxc4 7. Bxc4 Nf6 8. 0-0 Be7 9. d4 exd4 10. exd4 d5 11. Bb3 0-0 12. Ne5 Bb7 13. Nd2 Nd7 14. Rc1 Ndxe5 15. dxe5 Qd7 16. Ne4 Rad8 17. Nc5 Bxc5 18. Rxc5 Ne7 19. f4 c6 20. Qd3 Qf5 21. Qd2 g6 22. Bc2 Qe6 23. f5 Nxf5 24. Bxf5 gxf5 25. Bd4 Qg6 26. Rc3 Kh8 27. Rcf3 Bc8 28. Rxf5 Qxf5 29. Rxf5 Bxf5 30. Qf4 Bg6 31. Be3 h5 32. Qh6+ Kg8 33. Bg5 1-0

[Event "Yvelines-ch"]
[Site "Fontenay le Fleury"]
[Date "2012.02.19"]
[Round "3"]
[White "Kirszenberg, Marc"]
[Black "Gaillard, Michel"]
[Result "1-0"]
[WhiteElo "2178"]
[BlackElo "1958"]
[PlyCount "69"]
[EventDate "2012.02.18"]
[EventType "swiss"]
[EventRounds "7"]
[EventCountry "FRA"]
[SourceTitle "EXT 2013"]
[Source "ChessBase"]
[SourceDate "2012.11.22"]
[SourceVersion "1"]
[SourceVersionDate "2012.11.22"]
[SourceQuality "1"]

1. d4 Nf6 2. c4 b6 3. Nc3 Bb7 4. Nf3 e6 5. Bf4 Bb4 6. Qb3 a5 7. a3 Bxc3+ 8. Qxc3 Ne4 9. Qc2 0-0 10. e3 d6 11. Bd3 f5 12. h3 Nd7 13. 0-0 Qe7 14. b4 e5 15. Bh2 g6 16. c5 Bd5 17. c6 Ndf6 18. dxe5 dxe5 19. b5 Nd6 20. Nxe5 Nfe4 21. Nc4 a4 22. Nxd6 Nxd6 23. Bxd6 Qxd6 24. Bc4 Qe5 25. Bxd5+ Qxd5 26. Rab1 Qd6 27. Rb4 Qe5 28. Qa2+ Kg7 29. Qb2 Kg8 30. Rd1 Rae8 31. Rc1 Qd6 32. Rxa4 f4 33. Qb3+ Kg7 34. Qc3+ Kg8 35. Rd4 1-0

[Event "Ermont op 1st"]
[Site "Ermont"]
[Date "2009.05.09"]
[Round "3"]
[White "Gaillard, Michel"]
[Black "Guliyev, Namig"]
[Result "0-1"]
[WhiteElo "1970"]
[BlackElo "2534"]
[PlyCount "92"]
[EventDate "2009.05.08"]
[EventType "swiss"]
[EventRounds "6"]
[EventCountry "FRA"]
[SourceTitle "EXT 2011"]
[Source "ChessBase"]
[SourceDate "2010.11.26"]
[SourceVersion "1"]
[SourceVersionDate "2010.11.26"]
[SourceQuality "1"]

1. d4 d5 2. c4 dxc4 3. Qa4+ c6 4. Qxc4 Nf6 5. Nf3 Bf5 6. Nc3 Nbd7 7. Ng5 Bg6 8. e4 h6 9. e5 hxg5 10. exf6 gxf6 11. Be3 e6 12. Be2 Bd6 13. h3 f5 14. 0-0-0 f4 15. Bd2 Qc7 16. Bf3 Nb6 17. Qb3 Nd5 18. Rde1 0-0-0 19. Be4 Nxc3 20. Bxg6 Nb5 21. Bd3 Nxd4 22. Qa4 Bc5 23. Bc3 e5 24. Ba5 Bb6 25. Bxb6 axb6 26. Kb1 Kb8 27. Qa3 f5 28. f3 Rd5 29. Bc4 Rd7 30. Qc3 b5 31. Bb3 c5 32. a4 b4 33. Qc4 Rhd8 34. Rc1 e4 35. fxe4 fxe4 36. Bd1 Rd5 37. h4 gxh4 38. Rxh4 Nf5 39. Rh8 Ne3 40. Rxd8+ Qxd8 41. Qxe4 Nxd1 42. Qxf4+ Ka7 43. g4 Qh8 44. Rc2 b3 45. Rh2 Qxb2+ 46. Rxb2 Nc3+ 0-1

[Event "Montigny le Bretonneux Noel op 11th"]
[Site "Montigny le Bretonneux"]
[Date "2008.12.30"]
[Round "6"]
[White "Liard, Thibaud"]
[Black "Gaillard, Michel"]
[Result "1-0"]
[WhiteElo "2118"]
[BlackElo "1969"]
[PlyCount "113"]
[EventDate "2008.12.26"]
[EventType "swiss"]
[EventRounds "7"]
[EventCountry "FRA"]
[SourceTitle "EXT 2010"]
[Source "ChessBase"]
[SourceDate "2010.11.25"]
[SourceVersion "1"]
[SourceVersionDate "2010.11.25"]
[SourceQuality "1"]

1. d4 Nf6 2. c4 e6 3. g3 d5 4. Nf3 c6 5. Qc2 Bb4+ 6. Bd2 Bxd2+ 7. Nbxd2 0-0 8. Bg2 Nbd7 9. 0-0 b6 10. Rfd1 Bb7 11. e4 dxe4 12. Nxe4 Nxe4 13. Qxe4 Nf6 14. Qc2 Qc7 15. c5 b5 16. Ne5 Nd7 17. Qe4 Nf6 18. Qf4 Nd5 19. Bxd5 exd5 20. Ng6 Qxf4 21. Nxf4 Rfe8 22. Re1 Kf8 23. Nh5 Rxe1+ 24. Rxe1 Rd8 25. g4 h6 26. Kg2 Bc8 27. Kg3 f6 28. f4 f5 29. gxf5 Bxf5 30. Kh4 g6 31. Ng3 Bd7 32. Re5 Kg7 33. Nf1 Kf6 34. Nd2 Rh8 35. Kg3 g5 36. Re3 gxf4+ 37. Kxf4 a5 38. Nf3 Rf8 39. Ne5 Ke7+ 40. Kg3 Rg8+ 41. Kf2 Rf8+ 42. Ke2 Kd8 43. Rg3 Be8 44. Rg7 Rf4 45. Ke3 Re4+ 46. Kd3 Rh4 47. Nf3 Rh3 48. Rg3 Rxg3 49. hxg3 Ke7 50. Ke3 Kf6 51. Kf4 Ke6 52. Ne5 Kf6 53. Ng4+ Kg6 54. Ke5 Kg5 55. Ne3 h5 56. Kd6 Kg6 57. Ke7 1-0

[Event "Montigny le Bretonneux Noel op 08th"]
[Site "Montigny le Bretonneux"]
[Date "2005.12.30"]
[Round "6"]
[White "Bardin, Christian"]
[Black "Gaillard, Michel"]
[Result "0-1"]
[WhiteElo "1914"]
[BlackElo "1958"]
[PlyCount "114"]
[EventDate "2005.12.26"]
[EventType "swiss"]
[EventRounds "7"]
[EventCountry "FRA"]
[SourceTitle "CBM 110 Extra"]
[Source "ChessBase"]
[SourceDate "2006.03.10"]
[SourceVersion "2"]
[SourceVersionDate "2006.03.10"]
[SourceQuality "1"]

1. e4 c5 2. c4 Nc6 3. Ne2 Nf6 4. Nbc3 g6 5. d4 cxd4 6. Nxd4 d6 7. Be2 Bg7 8. Be3 0-0 9. 0-0 Bd7 10. f3 a6 11. Qd2 Rc8 12. Rac1 Ne5 13. b3 Re8 14. Rfd1 h5 15. Nd5 Bc6 16. Nxc6 Rxc6 17. Nb4 Rc8 18. Nd5 Nfd7 19. f4 Nc6 20. Nb4 Nf6 21. Bf3 a5 22. Nxc6 bxc6 23. Qf2 c5 24. h3 Qc7 25. Rc2 Nd7 26. Rcd2 Nf8 27. Rd5 a4 28. bxa4 Ra8 29. e5 Rxa4 30. exd6 exd6 31. R5d3 Rxc4 32. Bd5 Rb4 33. Qf3 c4 34. Ra3 Qe7 35. Bf2 Qf6 36. Bd4 Qxd4+ 37. Rxd4 Bxd4+ 38. Kh2 Kg7 39. Bc6 Re1 40. Qd5 Rd1 41. Qf3 Rbb1 42. h4 Nh7 43. Bd5 Rh1+ 44. Kg3 Bf6 45. Qe4 Bxh4+ 46. Kf3 Rhf1+ 47. Ke2 Rbe1+ 48. Kd2 Rxe4 49. Bxe4 Rxf4 50. Bf3 d5 51. Kc3 Be1+ 52. Kc2 Nf6 53. Ra7 d4 54. a4 d3+ 55. Kd1 Bf2 56. Rb7 c3 57. a5 Ra4 0-1

[Event "Montigny le Bretonneux Noel op 06th"]
[Site "Montigny le Bretonneux"]
[Date "2003.12.30"]
[Round "6"]
[White "Hardy, Alain"]
[Black "Gaillard, Michel"]
[Result "1/2-1/2"]
[WhiteElo "1820"]
[BlackElo "2062"]
[PlyCount "72"]
[EventDate "2003.12.26"]
[EventType "swiss"]
[EventRounds "6"]
[EventCountry "FRA"]
[SourceTitle "CBM 097 Extra"]
[Source "ChessBase"]
[SourceDate "2004.01.13"]
[SourceVersion "1"]
[SourceVersionDate "2004.01.13"]
[SourceQuality "1"]

1. d4 Nf6 2. Nf3 d5 3. c4 e6 4. Nc3 c6 5. e3 Bb4 6. Bd3 0-0 7. 0-0 Nbd7 8. Qc2 b6 9. Bd2 Bxc3 10. Bxc3 Bb7 11. Rac1 Rc8 12. cxd5 cxd5 13. Qb1 a6 14. Bb4 Re8 15. Rxc8 Qxc8 16. Rc1 Qb8 17. a4 h6 18. Rc2 Ne4 19. Qc1 Rc8 20. Rxc8+ Qxc8 21. Qxc8+ Bxc8 22. Be7 f6 23. Bd8 Bb7 24. Kf1 Bc6 25. Bxa6 Bxa4 26. Ke1 Kf8 27. Bc7 Ke7 28. Bc8 b5 29. Nd2 b4 30. Nxe4 dxe4 31. Ba5 b3 32. Bb4+ Ke8 33. Kd2 Bc6 34. Kc3 Bd5 35. Bxd7+ Kxd7 36. Bf8 f5 1/2-1/2

[Event "Montigny le Bretonneux Noel op 06th"]
[Site "Montigny le Bretonneux"]
[Date "2003.12.29"]
[Round "5"]
[White "Gaillard, Michel"]
[Black "Couronne, Patrice"]
[Result "1-0"]
[WhiteElo "2062"]
[BlackElo "1710"]
[PlyCount "60"]
[EventDate "2003.12.26"]
[EventType "swiss"]
[EventRounds "6"]
[EventCountry "FRA"]
[SourceTitle "CBM 097 Extra"]
[Source "ChessBase"]
[SourceDate "2004.01.13"]
[SourceVersion "1"]
[SourceVersionDate "2004.01.13"]
[SourceQuality "1"]

1. d4 Nf6 2. Nf3 d6 3. c4 g6 4. Nc3 Bg7 5. e4 0-0 6. h3 Nfd7 7. Bg5 h6 8. Be3 c5 9. Qd2 Kh7 10. Be2 Nc6 11. d5 Nce5 12. Nh2 Nb6 13. b3 f5 14. f4 Nf7 15. exf5 Bxf5 16. 0-0 Qd7 17. g4 Bxc3 18. Qxc3 Be4 19. Bc1 e6 20. Bb2 Rg8 21. dxe6 Qxe6 22. Rae1 Qd7 23. g5 h5 24. Bxh5 gxh5 25. Rxe4 Rae8 26. Rxe8 Qxe8 27. Qd3+ Rg6 28. Nf3 Nd7 29. Re1 Qd8 30. Qf5 Nf8 1-0

[Event "Yvelines-ch"]
[Site "Fontenay le Fleury"]
[Date "2003.02.14"]
[Round "5.6"]
[White "Lallemand, Daniel"]
[Black "Gaillard, Michel"]
[Result "0-1"]
[WhiteElo "1780"]
[BlackElo "2089"]
[PlyCount "52"]
[EventDate "2003.02.17"]
[EventType "swiss"]
[EventRounds "7"]
[EventCountry "FRA"]
[SourceTitle "EXT 2004"]
[Source "ChessBase"]
[SourceDate "2003.11.25"]
[SourceVersion "1"]
[SourceVersionDate "2003.11.25"]
[SourceQuality "1"]

1. e4 c5 2. Nf3 a6 3. d4 cxd4 4. Nxd4 Nf6 5. Nc3 d6 6. Be2 b5 7. Bf3 e5 8. Nb3 Be6 9. Bg5 Nbd7 10. Nd5 h6 11. Be3 Rc8 12. 0-0 Bxd5 13. exd5 Be7 14. Nd2 0-0 15. b3 Nh7 16. g3 f5 17. Kh1 g5 18. Nb1 e4 19. Bg2 Bf6 20. Bd4 Bxd4 21. Qxd4 Rxc2 22. Na3 Rc8 23. Rac1 Qb6 24. Qd2 Ne5 25. Nc2 Nd3 26. Rcd1 Nf6 0-1

[Event "Yvelines-ch"]
[Site "Fontenay le Fleury"]
[Date "2003.02.07"]
[Round "1.7"]
[White "Devulder, Olivier"]
[Black "Gaillard, Michel"]
[Result "0-1"]
[WhiteElo "1640"]
[BlackElo "2089"]
[PlyCount "57"]
[EventDate "2003.02.17"]
[EventType "swiss"]
[EventRounds "7"]
[EventCountry "FRA"]
[SourceTitle "EXT 2004"]
[Source "ChessBase"]
[SourceDate "2003.11.25"]
[SourceVersion "1"]
[SourceVersionDate "2003.11.25"]
[SourceQuality "1"]

1. e4 c5 2. Nf3 d6 3. d4 cxd4 4. Nxd4 a6 5. Nc3 Nf6 6. Bg5 Nbd7 7. Be2 g6 8. Qd2 h6 9. Be3 b5 10. f3 Bb7 11. g4 Rc8 12. g5 hxg5 13. Bxg5 Bg7 14. 0-0-0 b4 15. Na4 Qa5 16. Bxf6 Nxf6 17. b3 Bh6 18. f4 Nxe4 19. Qe3 e5 20. Rhf1 Nc3 21. Bg4 Rc7 22. Rd2 Ne4 23. Qd3 Nxd2 24. Qxd2 0-0 25. Ne2 Be4 26. c3 bxc3 27. Naxc3 exf4 28. Kd1 d5 29. Nd4 0-1

[Event "Montigny le Bretonneux Noel op 04th"]
[Site "Montigny le Bretonneux"]
[Date "2001.12.28"]
[Round "3.10"]
[White "Blasco, Robert"]
[Black "Gaillard, Michel"]
[Result "0-1"]
[WhiteElo "1499"]
[BlackElo "2100"]
[PlyCount "54"]
[EventDate "2001.12.26"]
[EventType "swiss"]
[EventRounds "7"]
[EventCountry "FRA"]
[SourceTitle "EXT 2003"]
[Source "ChessBase"]
[SourceDate "2002.11.25"]
[SourceVersion "1"]
[SourceVersionDate "2002.11.25"]
[SourceQuality "1"]

1. d4 Nf6 2. Nc3 g6 3. e4 d6 4. Bd3 Bg7 5. Nf3 0-0 6. 0-0 Nc6 7. Be3 Ng4 8. Bg5 h6 9. Bd2 e5 10. d5 Ne7 11. Nh4 Nxd5 12. Nxd5 Qxh4 13. h3 Nf6 14. Ne7+ Kh7 15. Nxc8 Raxc8 16. g3 Qxh3 17. Re1 Ng4 18. Be2 Qh2+ 19. Kf1 Nxf2 20. Bf3 Nxd1 21. Raxd1 Qxg3 22. Re3 f5 23. Bg2 fxe4+ 24. Kg1 Qf2+ 25. Kh2 d5 26. Rf1 Qxd2 27. Rc3 Rxf1 0-1

[Event "Montigny le Bretonneux op"]
[Site "Montigny le Bretonneux"]
[Date "1999.??.??"]
[Round "2"]
[White "Marcelin, Cyril"]
[Black "Gaillard, Michel"]
[Result "1-0"]
[WhiteElo "2395"]
[BlackElo "2017"]
[PlyCount "86"]
[EventDate "1999.11.??"]
[EventType "swiss"]
[EventRounds "7"]
[EventCountry "FRA"]
[SourceTitle "EXT 2002"]
[Source "ChessBase"]
[SourceDate "2001.11.25"]
[SourceVersion "1"]
[SourceVersionDate "2001.11.25"]
[SourceQuality "1"]

1. e4 c5 2. Nf3 Nc6 3. c3 Nf6 4. e5 Nd5 5. Bc4 Nb6 6. Bb3 d5 7. exd6 Qxd6 8. Na3 Bf5 9. d4 e6 10. 0-0 cxd4 11. Nb5 Qd7 12. Nfxd4 Nxd4 13. Nxd4 Be4 14. Qe2 Bd5 15. Rd1 Bxb3 16. axb3 a6 17. Be3 Rd8 18. Nb5 Qc6 19. Rxd8+ Kxd8 20. Rd1+ Nd7 21. Nd4 Qc7 22. b4 e5 23. Nb3 Kc8 24. b5 axb5 25. Qxb5 Qc6 26. Qa5 Bd6 27. Qa8+ Bb8 28. Na5 Qa6 29. Qxb7+ Qxb7 30. Nxb7 f5 31. f3 f4 32. Bf2 g5 33. Nc5 Nf6 34. b4 h5 35. c4 Ba7 36. b5 g4 37. Rd6 Bxc5 38. Bxc5 Nd7 39. Rc6+ Kb7 40. Bd6 Rd8 41. c5 g3 42. hxg3 fxg3 43. Rc7+ Ka8 1-0